Hoenn Gym Leaders and Elite Four Members - Statistics

General Stats
  • This quiz has been taken 380 times
  • The average score is 12 of 14
Answer Stats
Type Gym Leader/Elite Four Member % Correct
Rock Roxanne
95%
Fire Flannery
94%
Normal Norman
94%
Water Wallace
92%
Fighting Brawly
91%
Steel Steven
91%
Electric Wattson
90%
Psychic Tate and Liza
86%
Flying Winona
86%
Dragon Drake
85%
Water Juan
83%
Ghost Phoebe
78%
Ice Glacia
76%
Dark Sidney
73%
No matching quizzes found
Score Distribution
Percent of People with Each Score
Percentile by Number Answered
Your Score History
You have not taken this quiz